[Event "ITT CXG Memorial Marcel Duchamps"]
[Site "Clube Xadrez Guanabara - Rio de Janeiro, RJ - Brazil"]
[Date "2016.01.10"]
[Round "1"]
[Board "1"]
[White "Martinez, Ayelen"]
[Black "Feliciano Ebert, Vanessa"]
[Result "0-1"]
[WhiteElo "2217"]
[BlackElo "2232"]
[PlyCount "194"]
[EventDate "2016.01.10"]
[EventRounds "9"]
[EventCountry "BRA"]

1. g3 g6 2. Bg2 Bg7 3. e4 d6 4. Ne2 Nf6 5. O-O O-O 6. d4 Nbd7 7. Nbc3 e5 8.
h3 a5 9. Be3 Re8 10. g4 exd4 11. Bxd4 c5 12. Be3 Nb6 13. Bf4 Nc4 14. b3 Ne5
15. Nb5 d5 16. exd5 h5 17. g5 Nh7 18. h4 Bg4 19. f3 Nxf3+ 20. Bxf3 Bxf3 21.
Rxf3 Bxa1 22. Nc7 Bg7 23. d6 Qd7 24. Nxa8 Rxa8 25. Qd5 Nf8 26. Be3 Re8 27.
Kf1 Re5 28. Qc4 Ne6 29. Bf4 Qc6 30. Kf2 Re4 31. Qd3 Nxf4 32. Nxf4 Rd4 33.
Qe2 Rxd6 34. c4 Bd4+ 35. Kf1 Qd7 36. Qe4 Kg7 37. Rg3 Qc6 38. Qxc6 bxc6 39.
Rf3 Rd7 40. Ne2 Be5 41. Ke1 f6 42. Re3 Re7 43. Kf1 fxg5 44. hxg5 Bd6 45.
Rd3 Re6 46. Kf2 Kf7 47. Kf3 Ke7 48. Nc3 Be5 49. Ne4 Bd4 50. Rd1 Re5 51. Re1
Ke6 52. Re2 Rf5+ 53. Kg2 Kd7 54. Rd2 Kc7 55. Re2 Kb6 56. Rd2 Kc7 57. Re2
Rf4 58. Kh3 Rf3+ 59. Kg2 Re3 60. Rxe3 Bxe3 61. Kf3 Bd4 62. Kf4 Kd7 63. Nd2
Ke6 64. Nf3 Bb2 65. Ke4 Bc1 66. Ne5 Bxg5 67. Nxg6 h4 68. Ne5 h3 69. Ng4 Bd2
70. Kf3 Be1 71. Nh2 Kf5 72. Nf1 Bh4 73. Ne3+ Kg5 74. Nf1 Be1 75. Nh2 Kh4
76. Nf1 Bc3 77. Ne3 Be5 78. Nf5+ Kg5 79. Ne7 h2 80. Kg2 Bc7 81. Nxc6 Kf5
82. a3 Ke4 83. Ne7 Kd3 84. Nd5 Bb8 85. Kh1 Kc2 86. b4 Kb3 87. bxa5 Kxc4 88.
Nb6+ Kb5 89. Nd7 c4 90. Nb6 c3 91. Nd5 c2 92. Nc3+ Kxa5 93. Ne2 Ka4 94. Kg2
Kxa3 95. Kh1 Kb4 96. Kg2 Kc4 97. Nc1 Be5 0-1

[Event "ITT CXG Memorial Marcel Duchamps"]
[Site "Clube Xadrez Guanabara - Rio de Janeiro, RJ - Brazil"]
[Date "2016.01.10"]
[Round "1"]
[Board "2"]
[White "Terao, Juliana Sayumi"]
[Black "Manzi, Luiz Antonio Bardaro"]
[Result "1-0"]
[WhiteElo "2243"]
[BlackElo "2028"]
[PlyCount "71"]
[EventDate "2016.01.10"]
[EventRounds "9"]
[EventCountry "BRA"]

1. e4 Nf6 2. e5 Nd5 3. c4 Nb6 4. d4 d6 5. exd6 cxd6 6. Nc3 g6 7. Be3 Bg7 8.
Rc1 O-O 9. b3 e5 10. dxe5 dxe5 11. Qxd8 Rxd8 12. c5 N6d7 13. Bc4 Nc6 14.
Ne4 Na5 15. Bg5 Rf8 16. Be2 h6 17. Be7 Re8 18. Bd6 f5 19. Nc3 Bf8 20. Nd5
Bxd6 21. cxd6 Rf8 22. Ne7+ Kf7 23. Nf3 Rd8 24. O-O e4 25. Nd4 Ne5 26. Rc7
Bd7 27. Rfc1 Nac6 28. Ndxc6 bxc6 29. Nxc6 Nxc6 30. R1xc6 Ke6 31. Ra6 Rac8
32. Bc4+ Ke5 33. Raxa7 Be6 34. Re7 Re8 35. d7 Rxc4 36. Rxe6+ 1-0

[Event "ITT CXG Memorial Marcel Duchamps"]
[Site "Clube Xadrez Guanabara - Rio de Janeiro, RJ - Brazil"]
[Date "2016.01.10"]
[Round "1"]
[Board "3"]
[White "Hungaski, Robert Andrew"]
[Black "Alonso, Salvador"]
[Result "1/2-1/2"]
[WhiteElo "2478"]
[BlackElo "2491"]
[PlyCount "60"]
[EventDate "2016.01.10"]
[EventRounds "9"]
[EventCountry "BRA"]

1. d4 d5 2. c4 c6 3. Nf3 Nf6 4. Nc3 dxc4 5. a4 Bf5 6. Ne5 Nbd7 7. Nxc4 Qc7
8. Bg5 e5 9. e3 Be6 10. Bd3 exd4 11. Bf4 Qd8 12. exd4 Nb6 13. Qe2 Be7 14.
Be5 Nxc4 15. Bxc4 Bxc4 16. Qxc4 Qa5 17. O-O O-O 18. Rfe1 Rfe8 19. Re2 Nd7
20. Rae1 Bf8 21. h3 Qb4 22. Qa2 Re6 23. Re4 Rae8 24. f4 Nf6 25. R4e2 Qa5
26. Qb3 Nd5 27. f5 R6e7 28. Nxd5 Qxd5 29. Qxd5 cxd5 30. Kf2 f6 1/2-1/2

[Event "ITT CXG Memorial Marcel Duchamps"]
[Site "Clube Xadrez Guanabara - Rio de Janeiro, RJ - Brazil"]
[Date "2016.01.10"]
[Round "1"]
[Board "4"]
[White "Zuriel, Marisa"]
[Black "Garcia Palermo, Carlos"]
[Result "1/2-1/2"]
[WhiteElo "2258"]
[BlackElo "2438"]
[PlyCount "43"]
[EventDate "2016.01.10"]
[EventRounds "9"]
[EventCountry "BRA"]

1. e4 e6 2. d4 d5 3. Nc3 dxe4 4. Nxe4 Bd7 5. Nf3 Bc6 6. Bd3 Nd7 7. O-O Ngf6
8. Ng3 Be7 9. Re1 Bxf3 10. Qxf3 c6 11. c4 O-O 12. b3 Re8 13. Bb2 Bf8 14.
Rad1 g6 15. d5 cxd5 16. cxd5 Nxd5 17. Bc4 Qa5 18. Bxd5 exd5 19. Rxe8 Rxe8
20. Bc3 Qc7 21. Rxd5 Ne5 22. Bxe5 1/2-1/2

[Event "ITT CXG Memorial Marcel Duchamps"]
[Site "Clube Xadrez Guanabara - Rio de Janeiro, RJ - Brazil"]
[Date "2016.01.10"]
[Round "1"]
[Board "5"]
[White "Galego, Luis"]
[Black "Roselli Mailhe, Bernardo"]
[Result "1/2-1/2"]
[WhiteElo "2451"]
[BlackElo "2427"]
[PlyCount "31"]
[EventDate "2016.01.10"]
[EventRounds "9"]
[EventCountry "BRA"]

1. e4 e6 2. d4 d5 3. exd5 exd5 4. Nf3 Nc6 5. h3 Bf5 6. a3 Qd7 7. Bb5 f6 8.
O-O O-O-O 9. Nc3 g5 10. Re1 Nge7 11. Na4 Ng6 12. Nc5 Bxc5 13. dxc5 d4 14.
Bxc6 Qxc6 15. Nxd4 Qxc5 16. Be3 1/2-1/2

[Event "ITT CXG Memorial Marcel Duchamps"]
[Site "Clube Xadrez Guanabara - Rio de Janeiro, RJ - Brazil"]
[Date "2016.01.11"]
[Round "2"]
[Board "1"]
[White "Feliciano Ebert, Vanessa"]
[Black "Roselli Mailhe, Bernardo"]
[Result "0-1"]
[WhiteElo "2232"]
[BlackElo "2427"]
[PlyCount "98"]
[EventDate "2016.01.10"]
[EventRounds "9"]
[EventCountry "BRA"]

1. e4 e5 2. Nf3 Nc6 3. Bb5 a6 4. Ba4 d6 5. O-O Nge7 6. c3 Bd7 7. d4 Ng6 8. Be3
Be7 9. Nbd2 O-O 10. Bc2 Kh8 11. a4 Qc8 12. d5 Nd8 13. a5 f5 14. exf5 Bxf5 15.
Be4 Nf7 16. b4 Nh6 17. c4 Ng4 18. Rc1 Nf6 19. Ng5 Nxe4 20. Ngxe4 Qd7 21. f3 Qd8
22. Qb3 Bd7 23. Ra1 Qe8 24. Rfc1 Nh4 25. Ng3 Qg6 26. b5 Bg5 27. Bxg5 Qxg5 28.
Nde4 Qh6 29. bxa6 bxa6 30. Rcb1 Rad8 31. Qc3 Qg6 32. Rb7 Rf4 33. Rxc7 Bh3 34.
gxh3 Nxf3+ 35. Kh1 Rdf8 36. Nd2 h5 37. h4 Nxh2 38. Kxh2 Rf2+ 39. Kg1 R8f3 40.
Nde4 Qg4 41. Qxf3 Rxf3 42. Kg2 Re3 43. Kh2 Qxh4+ 44. Kg2 Qg4 45. Rh1 h4 46. Kf2
Qf3+ 47. Kg1 Re1+ 48. Kh2 Rxh1+ 49. Nxh1 Qxe4 0-1

[Event "ITT CXG Memorial Marcel Duchamps"]
[Site "Clube Xadrez Guanabara - Rio de Janeiro, RJ - Brazil"]
[Date "2016.01.11"]
[Round "2"]
[Board "3"]
[White "Alonso, Salvador"]
[Black "Zuriel, Marisa"]
[Result "1-0"]
[WhiteElo "2491"]
[BlackElo "2258"]
[PlyCount "59"]
[EventDate "2016.01.10"]
[EventRounds "9"]
[EventCountry "BRA"]

1. e4 c5 2. Nf3 d6 3. d4 cxd4 4. Nxd4 Nf6 5. Nc3 a6 6. h3 e5 7. Nde2 Nbd7 8. g4
h6 9. Bg2 b5 10. Be3 Bb7 11. Qd2 Rc8 12. O-O Nb6 13. b3 Qc7 14. Rac1 Be7 15.
Nd5 Nbxd5 16. exd5 Nh7 17. c4 bxc4 18. Rxc4 Qd8 19. Qb4 Rxc4 20. bxc4 Bc8 21.
Bb6 Qd7 22. c5 O-O 23. c6 Qe8 24. Ng3 f5 25. Nxf5 Bxf5 26. gxf5 Rxf5 27. Be3
Ng5 28. c7 Rf8 29. Rc1 Qd7 30. Qg4 1-0

[Event "ITT CXG Memorial Marcel Duchamps"]
[Site "Clube Xadrez Guanabara - Rio de Janeiro, RJ - Brazil"]
[Date "2016.01.11"]
[Round "2"]
[Board "4"]
[White "Manzi, Luiz Antonio Bardaro"]
[Black "Hungaski, Robert Andrew"]
[Result "1/2-1/2"]
[WhiteElo "2028"]
[BlackElo "2478"]
[PlyCount "124"]
[EventDate "2016.01.10"]
[EventRounds "9"]
[EventCountry "BRA"]

1. d4 d5 2. c4 dxc4 3. Nf3 Nf6 4. Nc3 a6 5. a4 e6 6. Bg5 Bb4 7. e3 h6 8. Bxf6
Qxf6 9. Bxc4 O-O 10. O-O Rd8 11. Qb3 Bf8 12. Ne4 Qe7 13. Ne5 Nc6 14. Nxc6 bxc6
15. Qc3 a5 16. Rfc1 Qe8 17. Be2 Bb4 18. Qc2 e5 19. dxe5 Qxe5 20. Bf3 Bf5 21.
Qxc6 Qxb2 22. Rd1 Rac8 23. Rab1 Qe5 24. Rbc1 Rxd1+ 25. Rxd1 Qe6 26. Ng3 Qxc6
27. Bxc6 Bc2 28. Rc1 Bb3 29. Bd7 Rb8 30. Rxc7 Bd6 31. Rc1 Rd8 32. Bb5 Bb4 33.
h3 Rd2 34. Rb1 Bc2 35. Rc1 Ba3 36. Ra1 Bb2 37. Nf1 Rxf2 38. Ra2 Bb3 39. Kxf2
Bxa2 40. Nd2 Be6 41. Ke2 Kf8 42. Kd3 Be5 43. Nc4 Bc7 44. Kd4 Ke7 45. Kc5 h5 46.
Kc6 Kd8 47. Nb6 Bf5 48. Bc4 f6 49. Bd5 Bc2 50. Kb5 Ke7 51. Bf3 h4 52. Nd5+ Kd6
53. Nxc7 Kxc7 54. Kxa5 f5 55. Kb5 g5 56. a5 Bd3+ 57. Kc5 Bf1 58. Kd4 g4 59.
hxg4 fxg4 60. Bxg4 Bxg2 61. e4 h3 62. Bxh3 Bxh3 1/2-1/2

[Event "ITT CXG Memorial Marcel Duchamps"]
[Site "Clube Xadrez Guanabara - Rio de Janeiro, RJ - Brazil"]
[Date "2016.01.11"]
[Round "2"]
[Board "5"]
[White "Martinez, Ayelen"]
[Black "Terao, Juliana Sayumi"]
[Result "1-0"]
[WhiteElo "2217"]
[BlackElo "2243"]
[PlyCount "79"]
[EventDate "2016.01.10"]
[EventRounds "9"]
[EventCountry "BRA"]

1. e4 c5 2. Nf3 e6 3. d4 cxd4 4. Nxd4 a6 5. Bd3 Nf6 6. O-O Qc7 7. c4 Be7 8. Nc3
d6 9. Kh1 Nbd7 10. f4 b6 11. Qe2 Bb7 12. f5 e5 13. Nf3 Nc5 14. Bc2 Rc8 15. Bg5
Ncd7 16. Bd3 O-O 17. Rac1 Qd8 18. Bd2 Re8 19. g4 Nxg4 20. Rg1 Ngf6 21. Rg2 Kh8
22. Ng5 Rf8 23. Rcg1 h6 24. Nh3 Rg8 25. Qf3 Nc5 26. Bb1 b5 27. Nd5 Bxd5 28.
cxd5 Na4 29. Nf2 Nxb2 30. Qh3 Qf8 31. Ng4 Nxg4 32. Rxg4 Nc4 33. Bxh6 gxh6 34.
Rxg8+ Qxg8 35. Rxg8+ Kxg8 36. f6 Rc7 37. fxe7 Rxe7 38. Bd3 Rc7 39. Qxh6 Nb2 40.
Be2 1-0

[Event "ITT CXG Memorial Marcel Duchamps"]
[Site "Clube Xadrez Guanabara - Rio de Janeiro, RJ - Brazil"]
[Date "2016.01.12"]
[Round "3"]
[Board "1"]
[White "Terao, Juliana Sayumi"]
[Black "Feliciano Ebert, Vanessa"]
[Result "1/2-1/2"]
[WhiteElo "2243"]
[BlackElo "2232"]
[PlyCount "176"]
[EventDate "2016.01.10"]
[EventRounds "9"]
[EventCountry "BRA"]

1. e4 c5 2. Nf3 Nc6 3. d4 cxd4 4. Nxd4 e6 5. Nc3 Qc7 6. g3 a6 7. Bg2 Nf6 8. O-O
h5 9. Nf3 Bc5 10. Bf4 d6 11. Na4 e5 12. Nxc5 exf4 13. Nd3 fxg3 14. hxg3 Bg4 15.
Qd2 O-O-O 16. Qf4 Bxf3 17. Bxf3 Ne5 18. Rad1 Kb8 19. Nxe5 dxe5 20. Qg5 Rdf8 21.
Rd3 Qe7 22. c3 Rh6 23. Rfd1 h4 24. Rd7 Qe8 25. R7d3 hxg3 26. fxg3 Rg6 27. Qh4
Qb5 28. R1d2 Qc5+ 29. Kg2 Qa5 30. a3 Ka7 31. Qh3 Re8 32. Qh1 Qc5 33. b4 Qb6 34.
a4 a5 35. bxa5 Qc5 36. Qb1 Rh6 37. Qb4 Rc8 38. Rb2 Qxb4 39. cxb4 b6 40. axb6+
Kxb6 41. Rd6+ Kb7 42. b5 Ne8 43. b6 Kb8 44. Rxh6 gxh6 45. a5 Nd6 46. a6 Nc4 47.
Rb5 Rc6 48. Rb4 Nxb6 49. Bh5 f6 50. Be2 Ka7 51. Kh3 Rc2 52. Bb5 h5 53. Be8 Kxa6
54. Bxh5 Kb7 55. Rb3 Kc7 56. Rf3 Rc6 57. Kg4 Nc4 58. Bf7 Nd2 59. Re3 Nf1 60.
Rd3 Rc2 61. Kf5 Rf2+ 62. Ke6 Nd2 63. Bg6 Kc6 64. Bf5 Kc5 65. Kxf6 Kc4 66. Ra3
Nxe4+ 67. Kxe5 Nxg3 68. Rxg3 Rh2 69. Be6+ Kc5 70. Rc3+ Kb4 71. Rc4+ Kb5 72. Kd6
Rh6 73. Rc3 Ka4 74. Kd5 Kb4 75. Rc4+ Kb3 76. Rc6 Rh5+ 77. Kd4+ Kb2 78. Rb6+ Kc2
79. Bd5 Kc1 80. Be4 Rh8 81. Rb1+ Kd2 82. Rb2+ Kc1 83. Rc2+ Kd1 84. Rg2 Rd8+ 85.
Ke3 Kc1 86. Rc2+ Kd1 87. Ra2 Kc1 88. Ke2 Rd2+ 1/2-1/2

[Event "ITT CXG Memorial Marcel Duchamps"]
[Site "Clube Xadrez Guanabara - Rio de Janeiro, RJ - Brazil"]
[Date "2016.01.12"]
[Round "3"]
[Board "2"]
[White "Hungaski, Robert Andrew"]
[Black "Martinez, Ayelen"]
[Result "1-0"]
[WhiteElo "2478"]
[BlackElo "2217"]
[PlyCount "59"]
[EventDate "2016.01.10"]
[EventRounds "9"]
[EventCountry "BRA"]

1. d4 Nf6 2. c4 g6 3. Nc3 Bg7 4. e4 d6 5. Nf3 O-O 6. Be2 Bg4 7. Be3 Nfd7 8. h4
e5 9. d5 Bxf3 10. Bxf3 f5 11. h5 Nf6 12. hxg6 hxg6 13. Bg5 Qe8 14. Qc2 f4 15.
O-O-O a6 16. Rh3 Nh7 17. Rxh7 Kxh7 18. Rh1+ Kg8 19. Bg4 Nd7 20. Qd3 Nc5 21. Qh3
Kf7 22. Bf5 gxf5 23. Qh5+ Kg8 24. Qh7+ Kf7 25. Rh6 Nd7 26. Re6 Rh8 27. Qxf5+
Nf6 28. Bxf6 Rh1+ 29. Kd2 Qf8 30. Be7+ 1-0

[Event "ITT CXG Memorial Marcel Duchamps"]
[Site "Clube Xadrez Guanabara - Rio de Janeiro, RJ - Brazil"]
[Date "2016.01.12"]
[Round "3"]
[Board "3"]
[White "Zuriel, Marisa"]
[Black "Manzi, Luiz Antonio Bardaro"]
[Result "1-0"]
[WhiteElo "2258"]
[BlackElo "2028"]
[PlyCount "67"]
[EventDate "2016.01.10"]
[EventRounds "9"]
[EventCountry "BRA"]

1. e4 Nf6 2. e5 Nd5 3. d4 d6 4. Nf3 dxe5 5. Nxe5 c6 6. Be2 Nd7 7. Nf3 g6 8. O-O
Bg7 9. c4 N5f6 10. Nc3 O-O 11. Bf4 Qb6 12. Qd2 Re8 13. Rad1 Nf8 14. h3 Bf5 15.
Rfe1 Rad8 16. g4 Bc8 17. c5 Qa5 18. Ne5 Ne6 19. Nc4 Qa6 20. Nd6 Qa5 21. Nxe8
Nxe8 22. Qe3 Bxd4 23. Qg3 Nxf4 24. Qxf4 e5 25. Qh6 Qxc5 26. Ne4 Qf8 27. Qh4 f6
28. Bc4+ Kg7 29. g5 fxg5 30. Nxg5 Nf6 31. Nf7 Rd7 32. Qh6+ Kg8 33. Nxe5+ Kh8
34. Qxf8+ 1-0

[Event "ITT CXG Memorial Marcel Duchamps"]
[Site "Clube Xadrez Guanabara - Rio de Janeiro, RJ - Brazil"]
[Date "2016.01.12"]
[Round "3"]
[Board "4"]
[White "Galego, Luis"]
[Black "Alonso, Salvador"]
[Result "1/2-1/2"]
[WhiteElo "2451"]
[BlackElo "2491"]
[PlyCount "48"]
[EventDate "2016.01.10"]
[EventRounds "9"]
[EventCountry "BRA"]

1. d4 d5 2. c4 c6 3. e3 Nf6 4. Nf3 Bf5 5. Nc3 e6 6. Bd3 Bxd3 7. Qxd3 Nbd7 8.
O-O Bb4 9. Bd2 a5 10. a3 Be7 11. e4 Nc5 12. dxc5 dxe4 13. Qxd8+ Rxd8 14. Nxe4
Nxe4 15. Bxa5 Ra8 16. Bb6 Bxc5 17. Bxc5 Nxc5 18. b4 Na4 19. c5 Ke7 20. Ne5 Rhd8
21. Nc4 Rd4 22. Rfc1 Rad8 23. Kf1 Rd3 24. g3 f6 1/2-1/2

[Event "ITT CXG Memorial Marcel Duchamps"]
[Site "Clube Xadrez Guanabara - Rio de Janeiro, RJ - Brazil"]
[Date "2016.01.12"]
[Round "3"]
[Board "5"]
[White "Roselli Mailhe, Bernardo"]
[Black "Garcia Palermo, Carlos"]
[Result "1-0"]
[WhiteElo "2427"]
[BlackElo "2438"]
[PlyCount "83"]
[EventDate "2016.01.10"]
[EventRounds "9"]
[EventCountry "BRA"]

1. d4 Nf6 2. c4 e6 3. Nf3 d5 4. Nc3 Be7 5. Bg5 h6 6. Bh4 O-O 7. Rc1 Ne4 8. Bxe7
Qxe7 9. cxd5 Nxc3 10. Rxc3 exd5 11. Qc2 c6 12. e3 Nd7 13. Bd3 Nf6 14. O-O Ne4
15. Bxe4 dxe4 16. Ne5 Re8 17. Rc1 f6 18. Nc4 b6 19. Nd2 Bd7 20. a3 Qe6 21. Nf1
a5 22. Ng3 a4 23. Rc4 f5 24. Rxa4 Rxa4 25. Qxa4 c5 26. Qd1 c4 27. Ne2 b5 28.
Qd2 g5 29. Rd1 Qd5 30. Nc3 Qf7 31. d5 f4 32. exf4 gxf4 33. Re1 Qf5 34. h3 e3
35. fxe3 Qd3 36. Qxd3 cxd3 37. e4 Bf5 38. Kf2 d2 39. Rd1 b4 40. axb4 Bxe4 41.
Nxe4 Rxe4 42. Rxd2 1-0

[Event "ITT CXG Memorial Marcel Duchamps"]
[Site "Clube Xadrez Guanabara - Rio de Janeiro, RJ - Brazil"]
[Date "2016.01.13"]
[Round "4"]
[Board "1"]
[White "Feliciano Ebert, Vanessa"]
[Black "Garcia Palermo, Carlos"]
[Result "0-1"]
[WhiteElo "2232"]
[BlackElo "2438"]
[PlyCount "118"]
[EventDate "2016.01.10"]
[EventRounds "9"]
[EventCountry "BRA"]

1. e4 c6 2. d4 d5 3. exd5 cxd5 4. c4 Nf6 5. Nc3 e6 6. Nf3 Bb4 7. cxd5 Nxd5 8.
Bd2 Nc6 9. Bd3 O-O 10. O-O Be7 11. Qe2 Nf6 12. Be3 Nb4 13. Bc4 b6 14. Ne5 Bb7
15. Rad1 Rc8 16. Rfe1 Nbd5 17. Bc1 Nxc3 18. bxc3 Bd5 19. Bb2 Bxc4 20. Nxc4 Nd5
21. Ne3 Nxe3 22. fxe3 Qd5 23. e4 Qc4 24. Rd3 e5 25. Rf3 Rfe8 26. Qxc4 Rxc4 27.
Re2 b5 28. g3 Ra4 29. Bc1 exd4 30. cxd4 Rxd4 31. Kg2 Bc5 32. Rc3 Bb6 33. Bb2
Ra4 34. a3 f6 35. Rb3 Raxe4 36. Rxe4 Rxe4 37. Rxb5 Re2+ 38. Kh1 Re4 39. Kg2 Kf7
40. Bc3 Ke6 41. Rb2 h5 42. Rc2 h4 43. Bb4 hxg3 44. hxg3 Kf5 45. Bf8 g5 46. Bc5
Bxc5 47. Rxc5+ Kg4 48. Kf2 Ra4 49. Rc3 f5 50. Rb3 Rc4 51. Kg2 Rc2+ 52. Kg1 Ra2
53. Kf1 a5 54. Rc3 a4 55. Rd3 Rb2 56. Ke1 Rb3 57. Rd4+ Kxg3 58. Rxa4 f4 59. Ra8
f3 0-1

[Event "ITT CXG Memorial Marcel Duchamps"]
[Site "Clube Xadrez Guanabara - Rio de Janeiro, RJ - Brazil"]
[Date "2016.01.13"]
[Round "4"]
[Board "2"]
[White "Alonso, Salvador"]
[Black "Roselli Mailhe, Bernardo"]
[Result "1-0"]
[WhiteElo "2491"]
[BlackElo "2427"]
[PlyCount "77"]
[EventDate "2016.01.10"]
[EventRounds "9"]
[EventCountry "BRA"]

1. e4 e5 2. Nf3 Nc6 3. d4 exd4 4. Nxd4 Bb4+ 5. c3 Bc5 6. Be3 Bb6 7. Nf5 g6 8.
Bxb6 axb6 9. Ne3 Nf6 10. f3 Nh5 11. Qd2 d6 12. c4 Ne5 13. Nc3 O-O 14. O-O-O Be6
15. b3 c6 16. Be2 Nf4 17. g3 Nxe2+ 18. Qxe2 Qf6 19. f4 Nxc4 20. e5 Nxe5 21.
fxe5 Qxe5 22. Qd2 b5 23. Nc2 c5 24. Rhe1 Qg7 25. Kb1 b4 26. Nd5 Ra5 27. Ne7+
Kh8 28. Qxd6 Rxa2 29. Kxa2 Bxb3+ 30. Kxb3 Qc3+ 31. Ka4 Qxc2+ 32. Kb5 Kg7 33.
Qxc5 Qa2 34. Qd4+ f6 35. Ra1 Qc2 36. Rac1 Qa2 37. Nd5 Qa6+ 38. Kxb4 Rf7 39. Ne7
 1-0

[Event "ITT CXG Memorial Marcel Duchamps"]
[Site "Clube Xadrez Guanabara - Rio de Janeiro, RJ - Brazil"]
[Date "2016.01.13"]
[Round "4"]
[Board "4"]
[White "Martinez, Ayelen"]
[Black "Zuriel, Marisa"]
[Result "0-1"]
[WhiteElo "2217"]
[BlackElo "2258"]
[PlyCount "52"]
[EventDate "2016.01.10"]
[EventRounds "9"]
[EventCountry "BRA"]

1. e4 g6 2. d4 c6 3. Bd3 d5 4. e5 Nh6 5. Ne2 c5 6. c3 Nc6 7. O-O Bg7 8. Nd2 O-O
9. h3 Bf5 10. Nf3 cxd4 11. Nexd4 Nxd4 12. Nxd4 Bxd3 13. Qxd3 e6 14. g4 Kh8 15.
Bd2 a6 16. Rae1 Rc8 17. Qg3 b5 18. Kg2 Rc4 19. Nf3 b4 20. b3 Rc8 21. cxb4 Rc2
22. Bg5 Qb6 23. Rc1 Rxa2 24. Qh4 Ng8 25. Be3 Qxe3 26. Rc7 Qf4 0-1

[Event "ITT CXG Memorial Marcel Duchamps"]
[Site "Clube Xadrez Guanabara - Rio de Janeiro, RJ - Brazil"]
[Date "2016.01.13"]
[Round "4"]
[Board "5"]
[White "Terao, Juliana Sayumi"]
[Black "Hungaski, Robert Andrew"]
[Result "1/2-1/2"]
[WhiteElo "2243"]
[BlackElo "2478"]
[PlyCount "64"]
[EventDate "2016.01.10"]
[EventRounds "9"]
[EventCountry "BRA"]

1. e4 c5 2. c3 d5 3. exd5 Qxd5 4. d4 Nc6 5. Nf3 Bg4 6. Be2 cxd4 7. cxd4 e6 8.
Nc3 Bb4 9. O-O Qa5 10. h3 Bxf3 11. Bxf3 Bxc3 12. bxc3 Nge7 13. Qb3 Qc7 14. Ba3
O-O 15. Rab1 Na5 16. Qa4 Rfe8 17. Bxe7 Rxe7 18. Rb5 Nc6 19. Rc5 Rc8 20. Rb1 g6
21. Bxc6 bxc6 22. Qc4 Rd7 23. a4 Kg7 24. a5 Qf4 25. a6 Rcc7 26. g3 Qe4 27. Rb8
Rd5 28. Qb4 Qe1+ 29. Kg2 Qe4+ 30. Kg1 Qe1+ 31. Kg2 Qe4+ 32. Kg1 Qe1+ 1/2-1/2

[Event "ITT CXG Memorial Marcel Duchamps"]
[Site "Clube Xadrez Guanabara - Rio de Janeiro, RJ - Brazil"]
[Date "2016.01.13"]
[Round "5"]
[Board "1"]
[White "Hungaski, Robert Andrew"]
[Black "Feliciano Ebert, Vanessa"]
[Result "1-0"]
[WhiteElo "2478"]
[BlackElo "2232"]
[PlyCount "163"]
[EventDate "2016.01.10"]
[EventRounds "9"]
[EventCountry "BRA"]

1. Nf3 Nf6 2. c4 e6 3. g3 d5 4. b3 d4 5. Bg2 c5 6. e3 Nc6 7. exd4 cxd4 8. O-O
Bd6 9. d3 O-O 10. Na3 e5 11. Nc2 Bf5 12. Nh4 Bg4 13. Qd2 a5 14. Ba3 Re8 15.
Bxd6 Qxd6 16. a3 h6 17. b4 g5 18. b5 Nd8 19. Nf3 Ne6 20. Rae1 Nd7 21. h4 Nec5
22. hxg5 Nb3 23. Qd1 hxg5 24. Re4 Bh5 25. g4 Bg6 26. Nxg5 Qf6 27. Nh3 Ndc5 28.
f3 Nxe4 29. fxe4 Qh4 30. Ne1 Nc5 31. Kh2 Kg7 32. Qf3 Rh8 33. Qg3 Qxg3+ 34. Kxg3
f6 35. Bf3 Ne6 36. Ng2 Rh7 37. Ne1 Rah8 38. Bg2 b6 39. Rf2 Be8 40. Rd2 Bd7 41.
Nf3 Nc5 42. Nf2 Kf7 43. Rd1 Ke7 44. Rd2 Kd6 45. Rd1 Bc8 46. Rd2 Rg8 47. Nh4 Rh5
48. Rd1 Kc7 49. Bf3 Rhg5 50. Rd2 R5g7 51. Rd1 Rh7 52. Nf5 Ne6 53. Nh3 Ng5 54.
Nxg5 Rxg5 55. Rc1 Bxf5 56. exf5 Kd6 57. c5+ bxc5 58. b6 Rg8 59. Rb1 Rb8 60. a4
c4 61. dxc4 Kc5 62. b7 d3 63. Kf2 Kd4 64. Rb6 Rh2+ 65. Kg3 Rc2 66. Rxf6 e4 67.
Rd6+ Ke3 68. Re6 Rxc4 69. f6 Rxb7 70. g5 Rf7 71. g6 Rxf6 72. Rxf6 Rc1 73. Bg4
d2 74. Rd6 Rc7 75. Bd7 Rc5 76. Kg4 Ke2 77. g7 Rc1 78. Kg5 Rg1+ 79. Bg4+ Rxg4+
80. Kxg4 d1=Q 81. Rxd1 Kxd1 82. Kf4 1-0

[Event "ITT CXG Memorial Marcel Duchamps"]
[Site "Clube Xadrez Guanabara - Rio de Janeiro, RJ - Brazil"]
[Date "2016.01.13"]
[Round "5"]
[Board "2"]
[White "Zuriel, Marisa"]
[Black "Terao, Juliana Sayumi"]
[Result "1-0"]
[WhiteElo "2258"]
[BlackElo "2243"]
[PlyCount "63"]
[EventDate "2016.01.10"]
[EventRounds "9"]
[EventCountry "BRA"]

1. e4 c5 2. Nf3 e6 3. d4 cxd4 4. Nxd4 a6 5. Bd3 Bc5 6. Nb3 Be7 7. Be3 d6 8. f4
Nf6 9. Qf3 Nc6 10. c3 e5 11. f5 g6 12. fxg6 hxg6 13. O-O Bg4 14. Qf2 Be6 15. h3
Qd7 16. N1d2 O-O-O 17. Nc4 Kb8 18. Nba5 Bxh3 19. Nxc6+ bxc6 20. Bg5 c5 21. Nb6
Qg4 22. Bxf6 Bxf6 23. Be2 Qg5 24. Nd5 Bg7 25. b4 Be6 26. bxc5 Qh6 27. Rab1+ Kc8
28. Bxa6+ Kd7 29. Bb5+ Kc8 30. Ba6+ Kd7 31. Rb7+ Ke8 32. Nc7+ {Ra8} 1-0

[Event "ITT CXG Memorial Marcel Duchamps"]
[Site "Clube Xadrez Guanabara - Rio de Janeiro, RJ - Brazil"]
[Date "2016.01.13"]
[Round "5"]
[Board "3"]
[White "Galego, Luis"]
[Black "Martinez, Ayelen"]
[Result "1/2-1/2"]
[WhiteElo "2451"]
[BlackElo "2217"]
[PlyCount "61"]
[EventDate "2016.01.10"]
[EventRounds "9"]
[EventCountry "BRA"]

1. e4 c5 2. Nf3 d6 3. c3 Nf6 4. Be2 Nc6 5. d3 Bg4 6. Nbd2 e6 7. h3 Bh5 8. a3
Qc7 9. O-O Be7 10. b4 d5 11. Bb2 a6 12. exd5 Nxd5 13. Ne4 cxb4 14. axb4 O-O 15.
Ng3 Bg6 16. Re1 Rfd8 17. Bf1 Bf6 18. d4 e5 19. b5 exd4 20. cxd4 axb5 21. Rxa8
Rxa8 22. Bxb5 Qb6 23. Qa4 Rd8 24. Bxc6 bxc6 25. Ba3 h6 26. Rc1 Qb5 27. Qc4 Qa5
28. Qb3 Qb5 29. Qc4 Qa5 30. Qb3 Qb5 31. Qc4 1/2-1/2

[Event "ITT CXG Memorial Marcel Duchamps"]
[Site "Clube Xadrez Guanabara - Rio de Janeiro, RJ - Brazil"]
[Date "2016.01.13"]
[Round "5"]
[Board "4"]
[White "Roselli Mailhe, Bernardo"]
[Black "Manzi, Luiz Antonio Bardaro"]
[Result "1-0"]
[WhiteElo "2427"]
[BlackElo "2028"]
[PlyCount "119"]
[EventDate "2016.01.10"]
[EventRounds "9"]
[EventCountry "BRA"]

1. d4 Nf6 2. c4 e6 3. Nf3 d5 4. Nc3 c6 5. e3 Nbd7 6. Qc2 Bd6 7. b3 O-O 8. Be2
e5 9. cxd5 cxd5 10. Nb5 Bb4+ 11. Bd2 Bxd2+ 12. Nxd2 exd4 13. Nxd4 Ne5 14. O-O
Bd7 15. Rfc1 Rc8 16. Qb2 Qe7 17. Rxc8 Rxc8 18. Rc1 Rxc1+ 19. Qxc1 Nc6 20. N2f3
h6 21. h3 Ne4 22. Bd3 Qf6 23. Nxc6 Qxc6 24. Qxc6 Bxc6 25. Bxe4 dxe4 26. Nd4 Bd7
27. Kf1 Kf8 28. Ke1 Ke7 29. Kd2 Kd6 30. Kc3 Kd5 31. a4 f5 32. Kb4 g5 33. Ne2
Bc6 34. h4 Ke5 35. g3 Be8 36. hxg5 hxg5 37. a5 Bd7 38. Kc5 Be6 39. b4 Bf7 40.
Nc3 Be8 41. Nd5 Bb5 42. Nc7 Bd3 43. Nd5 Bb5 44. Ne7 Bd7 45. b5 Ke6 46. Nd5 Ke5
47. Nc7 f4 48. gxf4+ gxf4 49. b6 axb6+ 50. Kxb6 fxe3 51. fxe3 Bc8 52. Ka7 Kd6
53. Kb8 Kd7 54. Ne6 b5 55. axb6 Ba6 56. Nc5+ Kc6 57. Nxa6 Kxb6 58. Nc7 Kc5 59.
Kb7 Kc4 60. Kc6 1-0